Venezuela y Cuba: hacia el ALBA /
Tallennettuna:
| Päätekijä: | |
|---|---|
| Muut tekijät: | |
| Aineistotyyppi: | Teksti |
| Aiheet: | |
| Tagit: |
Lisää tagi
Ei tageja, Lisää ensimmäinen tagi!
|
MARC
| LEADER | 00000 a a2200000 04500 | ||
|---|---|---|---|
| 001 | 2611 | ||
| 003 | |||
| 040 | |||
| 100 | |a Castro Ruz, Fidel | ||
| 245 | |a Venezuela y Cuba: |b hacia el ALBA / |c Fidel Castro Ruz ; Hugo Cháves Frías | ||
| 650 | |a ALCA | ||
| 650 | |a INTEGRACION ECONOMICA | ||
| 650 | |a DESARROLLO ECONOMICO Y SOCIAL | ||
| 700 | |a Cháves Frías, Hugo | ||
| 773 | |g número 238; páginas 160-166 | ||
| 999 | |c 32866 |d 32866 | ||
